000 00620nam a22001817a 4500
005 20241115104418.0
008 241021b |||||||| |||| 00| 0 eng d
020 _a9786214183371
082 _aDFil 363.25 T12 2024
100 _aTad-awan, Filibert Patrick F.
_962364
245 _aForensic photography /
_cFilibert Patrick F. Tad-awan.
260 _aQuezon City :
_bWiseman's Books Trading, Inc.,
_c©2024.
300 _aiii, 166 pages :
_billustrations ;
_c23 cm.
500 _aIncludes references.
650 0 _aLegal photography.
_964152
650 0 _aPhotography
_xDigital techniques.
_964153
942 _2ddc
_cDFIL
999 _c22721
_d22721